Umění paroplavby po řece Vltavě 1865-2015 /

Další autoři: Savický, Nikolaj, 1962-
Jazyk: Čeština
Vydáno: Praha : Professional Publishing, 2015
Vydání: První vydání
Témata:
Fyzický popis: 244 stran : ilustrace (některé barevné), portréty, faksimile ; 22 cm
Language note: Anglické resumé
Knihy
Uloženo v:
LEADER 02713nam a2200661 i 4500
001 nkc20162779319
003 CZ PrNK
005 20171103073151.0
007 ta
008 160222s2015 xr ach f 001 0 cze
015 |a cnb002779319 
020 |a 978-80-7431-156-7  |q (Kamil Mařík - Professional Publishing ;  |q vázáno) 
035 |a (OCoLC)949215057 
040 |a OLA001  |b cze  |e rda 
041 0 |a cze  |b eng 
043 |a e-xr---  |b e-xr-pg  |2 czenas 
045 |a w5y1 
072 7 |a 656.62  |x Říční doprava  |2 Konspekt  |9 4 
080 |a 656.62  |2 MRF 
080 |a 656.6:[629.54-81]  |2 MRF 
080 |a 656.6.025.2  |2 MRF 
080 |a 629.54-81  |2 MRF 
080 |a (437.311)  |2 MRF 
080 |a (048.8:082)  |2 MRF 
080 |a (082.2)  |2 MRF 
245 0 0 |a Umění paroplavby po řece Vltavě 1865-2015 /  |c Nikolaj Savický (ed.) 
250 |a První vydání 
264 1 |a Praha :  |b Professional Publishing,  |c 2015 
300 |a 244 stran :  |b ilustrace (některé barevné), portréty, faksimile ;  |c 22 cm 
336 |a text  |b txt  |2 rdacontent 
337 |a bez média  |b n  |2 rdamedia 
338 |a svazek  |b nc  |2 rdacarrier 
500 |a Doprovodná monografie stejnojmenné výstavy pořádané Národním technickým muzeem v Praze ve spolupráci s Pražskou paroplavební společností, 17.6.-1.11.2015 
504 |a Obsahuje bibliografii, bibliografické odkazy a rejstřík 
546 |a Anglické resumé 
610 2 7 |a Pražská paroplavební společnost  |7 ko2005264464  |2 czenas 
648 7 |a 19.-21. století  |7 ch757016  |2 czenas 
648 4 |a 1865-2015 
650 0 7 |a říční doprava  |7 ph128331  |z Česko  |y 19.-21. století  |2 czenas 
650 0 7 |a paroplavba  |7 ph444998  |z Česko  |y 19.-21. století  |2 czenas 
650 0 7 |a osobní vodní doprava  |7 ph115620  |z Česko  |y 19.-21. století  |2 czenas 
650 0 7 |a parníky  |7 ph156629  |z Česko  |y 19.-20. století  |2 czenas 
650 0 9 |a river transport  |z Czechia  |y 19th-21st centuries  |2 eczenas 
650 0 9 |a steam navigation  |z Czechia  |y 19th-21st centuries  |2 eczenas 
650 0 9 |a passenger waterway transportation  |z Czechia  |y 19th-21st centuries  |2 eczenas 
650 0 9 |a steamboats  |z Czechia  |y 19th-21st centuries  |2 eczenas 
651 7 |a Praha (Česko)  |7 ge118011  |2 czenas 
651 9 |a Prague (Czechia)  |2 eczenas 
655 7 |a kolektivní monografie  |7 fd501537  |2 czenas 
655 7 |a jubilejní publikace  |7 fd131839  |2 czenas 
655 9 |a collective monographs  |2 eczenas 
655 9 |a jubilee books  |2 eczenas 
700 1 |a Savický, Nikolaj,  |d 1962-  |7 jn20000402183  |4 edt 
910 2 |a BOA001  |b 2-1364.101 
990 |a BK 
995 |a 01 
991 |b 201603  |c NOV 
996 6 |b 2610663181  |c 2-1364.101  |l MZK  |r Sklad / do 1 hodiny  |n 1  |p p.v.  |w 001548782  |u 000010  |a 1  |e BOA001  |j MZK50  |s P